=LDR 00000nam 2200000 4500 =001 INLIS000000000036596 =005 20130612142355 =008 ***********************************Ind** =035 ##$$0010-061300000036596 =041 ##$$a Ind =082 ##$$a 028.5 =090 ##$$a 028.5, Ern i =100 ##$$a Erningpraja, Irianti =245 ##$$a Indahnya nalam yang gelap, Irianti Erningpraja =260 ##$$a 2009 $b Jakarta =300 ##$$a 32 hlm, ilus, 28 cm =650 ##$$a Bacaan kanak-kanak =850 ##$$a NBPNMAT